[Event "Greenwood Village Colorado op"]
[Site "Greenwood"]
[Date "2014.08.??"]
[Round "?"]
[White "Wise, Katie"]
[Black "Jimenez, Marc"]
[Result "1-0"]
[WhiteElo "1959"]
[BlackElo "2134"]
[PlyCount "59"]
[EventDate "2014.08.30"]
[EventType "tourn"]
[EventRounds "5"]
[EventCountry "USA"]
[SourceTitle "EXT 2020"]
[Source "ChessBase"]
[SourceDate "2019.10.17"]
[SourceVersion "1"]
[SourceVersionDate "2019.10.17"]
[SourceQuality "1"]

1. e4 Nf6 2. Nc3 d6 3. d4 c6 4. f4 Qa5 5. Bd2 Qb6 6. e5 dxe5 7. fxe5 Nd5 8. Bd3 Qxd4 9. Nf3 Nxc3 10. Bxc3 Qe3+ 11. Be2 Bg4 12. Bd4 Qe4 13. 0-0 e6 14. h3 h5 15. hxg4 hxg4 16. Ng5 Qd5 17. c4 Qd8 18. Nxf7 Rh1+ 19. Kxh1 Qh4+ 20. Kg1 g3 21. Rf3 Qh2+ 22. Kf1 Qh1+ 23. Bg1 Nd7 24. Nd6+ Kd8 25. Rxf8+ Nxf8 26. Nxb7+ Kc7 27. Qd6+ Kxb7 28. Qe7+ Ka6 29. c5+ Ka5 30. Qc7+ 1-0